Представление документа в формате RUSMARC

Поле Инд. ПП Название Значение
Тип записи a
Библиографический уровень a
001 Контрольный номер dbcecd50ee3d4defb4fd3e8beec346cb
005 Дата корректировки 20260310110635.2
100 a Данные общей обработки 20260304 ||| 0rusy0189 ca
101 0_ a Язык текста rus
102 a Страна публикации RU
200 1_ a Заглавие Процессуальные издержки в структуре расходов государства на уголовное судопроизводство и в ее динамике
b Общее обозначение материала Электронный ресурс
210 1_ d Дата издания 2026
300 a Общие примечания Чтение статьи доступно в Источнике
461 _0 1 2000
a Российское правосудие
463 _0 1 2000
a № 3
b Электронный ресурс
v С. 90-103
1 2101
d 2026
1 00107888020255a4b628295c3de78912647
606 a Основная рубрика Право. Юридические науки
x Основная подрубрика Уголовно-процессуальное право
610 0_ a Ключевые слова ПРОЦЕССУАЛЬНЫЕ ИЗДЕРЖКИ
a Ключевые слова РАСХОДЫ НА УГОЛОВНОЕ СУДОПРОИЗВОДСТВО
a Ключевые слова СУДОПРОИЗВОДСТВЕННЫЕ ИЗДЕРЖКИ
700 _1 a Фамилия Зеленин
b Имя С. Р.
801 _0 a Страна RU
b Организация РГУП
c Дата составления 20260304
g Правила каталогизации PSBO
801 _1 a Страна RU
b Организация РГУП
c Дата составления 20260304
g Правила каталогизации PSBO
901 t Тип документа b
w Контрольный № источника 07888020255a4b628295c3de78912647
905 a Дата ввода 20260304